000 00940nam a22003017a 4500
003 CHAP
005 20220329133724.0
008 971013s1988 r 00010 d
010 _a9954
011 _a10926
035 _a10164
040 _cCHAP
082 _a574.82
_bG5
245 _aGlossary of plant tissue culture
260 _aPortland, Oregon :
_bDioscorides Press,
_c1988
300 _a141 p
490 _aAdvances in plant science series
_v; 3
590 _aBATCH-UPD
_b10
_c20130110
_lUCH01
_h0102
590 _aBATCH-UPD
_b10
_c20130110
_lUCH01
_h2132
590 _aCONVERSION
_b10
_c20130109
_lUCH01
_h1306
650 1 4 _aCultivo de tejidos
_xDiccionarios.
_930216
700 0 _aDonnelly, Danielle J.
_933965
700 0 _aVidaver, William E.
_9119271
830 0 _aAdvances in plant science series
_v; 3
_9997
901 _aBK
942 _cLIBRO
949 _a574.82 G5
_bBC
_cC
_d33724000516977
_eC
_gI.c/e
_h85368
_i10164
_si
_t84.00
999 _c9954
_d9954